000 01402nam a2200253Ia 4500
999 _c51134
_d51134
001 18091
003 GE_BSU
005 20200625225619.0
008 181216s2006||||ge |||||||||||||| ||geo||
040 _cGE_BSU
041 _ageo
080 _a811.353.1 ბ-53
100 _aბერიძე, ეთერ
_95671
245 _aსამხრეთ-დასვლეთ საქართველოს ონომასტიკა XIX საუკუნის მეორე ნახევრის ქართველ და უცხოელ მკვლევართა შრომებში /
_cეთერ ბერიძე ; რედ. მ. ქამადაძე.
264 _aბათუმი :
_bმარეთი-93,
_c2006.
300 _a192 გვ. ;
_c22 სმ.
504 _aბიბლიოგრაფია გვ. 180-188
520 _aრეზიუმე რუსულ ენაზე
541 _h7ლ.
653 _aსამხრეთ-დასვლეთ საქართველოს ონომასტიკა XIX საუკუნის მეორე ნახევრის ქართველ და უცხოელ მკვლევართა შრომებში
653 _a შრომები
700 _aქამადაძე, მ.
_eრედაქტორი
_98831
942 _cBK
_2udc